Finance po krizi důsledky hospodářské recese a co bude dál

Enregistré dans:
Détails bibliographiques
Auteur principal: Kohout, Pavel
Format: Livre
Langue:tchèque
Publié: Praha GRADA 2009
Sujets:
Tags: Ajouter un tag
Pas de tags, Soyez le premier à ajouter un tag!

MARC

LEADER 00000nam$a2200000$$$4500
001 0107552
005 20240313085757.5
020 |a 978-80-247-3199-5 
041 0 |a cze 
044 |a CZ 
245 1 0 |a Finance po krizi  |b důsledky hospodářské recese a co bude dál  |c Pavel Kohout 
264 1 |a Praha  |b GRADA  |c 2009 
300 |a 218 s. 
610 2 0 |a kríza finančná 
610 2 0 |a politika finančná 
610 2 0 |a recesia 
610 2 0 |a keynesizmus 
610 2 0 |a monetarizmus 
610 2 0 |a euro 
610 2 0 |a portfólio 
610 2 0 |a investície 
610 2 0 |a zadlženosť 
610 2 0 |a kríza energetická 
610 2 0 |a Česko 
100 1 |a Kohout, Pavel